000 00909cam a2200181 4500
001 WB3805-07
008 020205n2002 000 0 eng u
035 _a(Sirsi) u116611
245 _aIPD Monthly: property returns were 7.1% in 2001
260 _c2002
490 _aProperty Week
_v(4) 1 February 2002, 20(1)
520 _aThe total return for all property in 2001 was 7.1%, according to the IPD Monthly Index. The figure compares with the 5.6 % return on the Insignia Richard Ellis Monthly Index. The definitive benchmark figure for last year's performance for the property sector will emerge in the IPD Annual Index, published on 9 March 2002, but it is not expected to be far from the 7.1% return of the IPD Monthly Index.
590 _aWB
650 _aPROPERTY RETURNS
650 _aYIELDS
690 _aPROPERTY-COMMERCIAL PROPERTY-COMMERCIAL PROPERTY FINANCE AND INVESTMENT
942 _n0
999 _c69435
_d69435